<?xml version="1.0" encoding="UTF-8"?><?xml-stylesheet type="text/xsl" href="static/style.xsl"?><OAI-PMH xmlns="http://www.openarchives.org/OAI/2.0/" xmlns:xsi="http://www.w3.org/2001/XMLSchema-instance" xsi:schemaLocation="http://www.openarchives.org/OAI/2.0/ http://www.openarchives.org/OAI/2.0/OAI-PMH.xsd"><responseDate>2026-06-05T18:54:44Z</responseDate><request verb="GetRecord" identifier="oai:riuma.uma.es:10630/23804" metadataPrefix="marc">https://riuma.uma.es/rest/oai/request</request><GetRecord><record><header><identifier>oai:riuma.uma.es:10630/23804</identifier><datestamp>2026-02-03T10:26:38Z</datestamp><setSpec>com_10630_1685</setSpec><setSpec>col_10630_38055</setSpec></header><metadata><record xmlns="http://www.loc.gov/MARC21/slim" xmlns:dcterms="http://purl.org/dc/terms/" xmlns:doc="http://www.lyncode.com/xoai" xmlns:xsi="http://www.w3.org/2001/XMLSchema-instance" xsi:schemaLocation="http://www.loc.gov/MARC21/slim http://www.loc.gov/standards/marcxml/schema/MARC21slim.xsd">
   <leader>00925njm 22002777a 4500</leader>
   <datafield ind2=" " ind1=" " tag="042">
      <subfield code="a">dc</subfield>
   </datafield>
   <datafield ind2=" " ind1=" " tag="720">
      <subfield code="a">García Reche, José</subfield>
      <subfield code="e">author</subfield>
   </datafield>
   <datafield ind2=" " ind1=" " tag="260">
      <subfield code="c">2022-02</subfield>
   </datafield>
   <datafield ind2=" " ind1=" " tag="520">
      <subfield code="a">Este proyecto consta de dos partes bien diferenciadas. La primera de ellas es el estudio &#xd;
analítico de las distintas plataformas que usan la tecnología blockchain. Esto es así &#xd;
porque existen multitud de estas plataformas blockchain que poseen diversas &#xd;
características y capacidades a nivel de usabilidad, escalabilidad y rendimiento. Al ser &#xd;
una tecnología en fase de expansión, si no se realizase dicho estudio previo la viabilidad &#xd;
de la solución podría estar en peligro. Para ello, primero se han desarrollado las bases &#xd;
de esta tecnología y los conceptos relacionados con ella. Seguidamente, se han analizado &#xd;
de forma teórica las soluciones propuestas que conforman las distintas blockchain &#xd;
candidatas para realizar el proyecto. Para posteriormente, desarrollar un caso práctico&#xd;
como prueba de concepto para validar el análisis anterior, demostrando así cuál es la &#xd;
blockchain que más se adecúa a nuestro proyecto.&#xd;
La segunda parte del proyecto consiste en el desarrollo de la prueba de concepto, donde &#xd;
una aplicación web será capaz de gestionar las distintas reservas hoteleras mediante el &#xd;
uso de la tecnología blockchain. Para ello, es necesario desplegar un smart contract en &#xd;
la Testnet de Avalanche; y posteriormente, que la aplicación web sea capaz de &#xd;
interactuar con el estado del smart contract.</subfield>
   </datafield>
   <datafield ind1="8" ind2=" " tag="024">
      <subfield code="a">https://hdl.handle.net/10630/23804</subfield>
   </datafield>
   <datafield tag="653" ind2=" " ind1=" ">
      <subfield code="a">Tecnología Blockchain</subfield>
   </datafield>
   <datafield tag="653" ind2=" " ind1=" ">
      <subfield code="a">Contratos laborales - Hoteles</subfield>
   </datafield>
   <datafield tag="653" ind2=" " ind1=" ">
      <subfield code="a">Aplicaciones (Software)</subfield>
   </datafield>
   <datafield tag="653" ind2=" " ind1=" ">
      <subfield code="a">Grado en Ingeniería Informática - Trabajos Fin de Grado</subfield>
   </datafield>
   <datafield tag="653" ind2=" " ind1=" ">
      <subfield code="a">Informática - Trabajos Fin de Grado</subfield>
   </datafield>
   <datafield ind2="0" ind1="0" tag="245">
      <subfield code="a">Uso de la tecnología blockchain para la  gestión de reservas hoteleras</subfield>
   </datafield>
</record>
</metadata></record></GetRecord></OAI-PMH>